<?xml version="1.0" encoding="UTF-8"?>
<record
    xmlns:xsi="http://www.w3.org/2001/XMLSchema-instance"
    xsi:schemaLocation="http://www.loc.gov/MARC21/slim http://www.loc.gov/standards/marcxml/schema/MARC21slim.xsd"
    xmlns="http://www.loc.gov/MARC21/slim">

  <leader>01089nam a22002057a 4500</leader>
  <controlfield tag="005">20250103101128.0</controlfield>
  <datafield tag="010" ind1=" " ind2=" ">
    <subfield code="a">HIN-129057</subfield>
  </datafield>
  <datafield tag="020" ind1=" " ind2=" ">
    <subfield code="a">9789383772698</subfield>
    <subfield code="c">720.00</subfield>
  </datafield>
  <datafield tag="035" ind1=" " ind2=" ">
    <subfield code="a">HN-101403</subfield>
  </datafield>
  <datafield tag="037" ind1=" " ind2=" ">
    <subfield code="b">DBAD/PUB</subfield>
  </datafield>
  <datafield tag="082" ind1=" " ind2=" ">
    <subfield code="a">398.2</subfield>
  </datafield>
  <datafield tag="245" ind1=" " ind2=" ">
    <subfield code="a">&#x932;&#x94B;&#x915; &#x938;&#x94D;&#x92E;&#x943;&#x924;&#x93F; &#x90F;&#x935;&#x902; &#x938;&#x902;&#x938;&#x94D;&#x915;&#x943;&#x924;&#x93F;:</subfield>
    <subfield code="b">&#x915;&#x930;&#x92E;&#x935;&#x940;&#x930; &#x938;&#x924;&#x94D;&#x92F;&#x926;&#x947;&#x935; &#x938;&#x93F;&#x902;&#x939; &#x938;&#x94D;&#x92E;&#x943;&#x924;&#x93F; &#x917;&#x94D;&#x930;&#x928;&#x94D;&#x925;/</subfield>
    <subfield code="c">&#x906;&#x928;&#x902;&#x926; &#x915;&#x941;&#x92E;&#x93E;&#x930; &#x938;&#x93F;&#x902;&#x939; &#x914;&#x930; &#x938;&#x93E;&#x928;&#x928;&#x94D;&#x926; &#x915;&#x941;&#x92E;&#x93E;&#x930; &#x938;&#x93F;&#x902;&#x939; &#x926;&#x94D;&#x935;&#x93E;&#x930;&#x93E; &#x938;&#x902;&#x92A;&#x93E;&#x926;&#x93F;&#x924; </subfield>
  </datafield>
  <datafield tag="250" ind1=" " ind2=" ">
    <subfield code="a">&#x92A;&#x94D;&#x930;&#x925;&#x92E;</subfield>
  </datafield>
  <datafield tag="260" ind1=" " ind2=" ">
    <subfield code="a">&#x915;&#x94B;&#x932;&#x915;&#x924;&#x94D;&#x924;&#x93E;</subfield>
    <subfield code="b">&#x92A;&#x94D;&#x930;&#x924;&#x93F;&#x936;&#x94D;&#x930;&#x941;&#x924;&#x93F; &#x92A;&#x94D;&#x930;&#x915;&#x936;&#x928;</subfield>
    <subfield code="c">2018</subfield>
  </datafield>
  <datafield tag="270" ind1=" " ind2=" ">
    <subfield code="a">7 &#x90F; , &#x92C;&#x947;&#x91F;&#x93F;&#x902;&#x915; &#x938;&#x94D;&#x91F;&#x94D;&#x930;&#x940;&#x91F; </subfield>
    <subfield code="b">&#x915;&#x94B;&#x932;&#x915;&#x924;&#x94D;&#x924;&#x93E;</subfield>
    <subfield code="e">700001</subfield>
    <subfield code="k">033- 22622499</subfield>
    <subfield code="m">mail.prakshan@gmail.com</subfield>
  </datafield>
  <datafield tag="300" ind1=" " ind2=" ">
    <subfield code="a">286&#x92A;&#x943;.</subfield>
    <subfield code="c">21 &#x938;&#x947;.&#x92E;&#x940;.(&#x938;&#x91C;&#x93F;&#x932;&#x94D;&#x926;)</subfield>
  </datafield>
  <datafield tag="700" ind1=" " ind2=" ">
    <subfield code="a">&#x906;&#x928;&#x902;&#x926; &#x915;&#x941;&#x92E;&#x93E;&#x930; &#x938;&#x93F;&#x902;&#x939;</subfield>
    <subfield code="9">75759</subfield>
  </datafield>
  <datafield tag="700" ind1=" " ind2=" ">
    <subfield code="a">&#x938;&#x93E;&#x928;&#x928;&#x94D;&#x926; &#x915;&#x941;&#x92E;&#x93E;&#x930; &#x938;&#x93F;&#x902;&#x939;</subfield>
    <subfield code="9">75760</subfield>
  </datafield>
  <datafield tag="942" ind1=" " ind2=" ">
    <subfield code="c">HN</subfield>
    <subfield code="2">ddc</subfield>
    <subfield code="h">398.2</subfield>
    <subfield code="m">&#x932;&#x94B;&#x915;&#x938;&#x94D;&#x92E;&#x943;</subfield>
  </datafield>
  <datafield tag="999" ind1=" " ind2=" ">
    <subfield code="c">207927</subfield>
    <subfield code="d">207927</subfield>
  </datafield>
  <datafield tag="952" ind1=" " ind2=" ">
    <subfield code="0">0</subfield>
    <subfield code="1">0</subfield>
    <subfield code="4">0</subfield>
    <subfield code="7">0</subfield>
    <subfield code="8">NFIC</subfield>
    <subfield code="a">RKP</subfield>
    <subfield code="b">RKP</subfield>
    <subfield code="d">2024-12-24</subfield>
    <subfield code="e">DBAD/PUB</subfield>
    <subfield code="g">720.00</subfield>
    <subfield code="l">0</subfield>
    <subfield code="o">398.2 &#x932;&#x94B;&#x915;</subfield>
    <subfield code="p">HN-101403</subfield>
    <subfield code="r">2024-12-24 00:00:00</subfield>
    <subfield code="t">1</subfield>
    <subfield code="v">720.00</subfield>
    <subfield code="w">2024-12-24</subfield>
    <subfield code="y">HN</subfield>
  </datafield>
</record>
